<?xml version="1.0" encoding="UTF-8"?>
<record
    xmlns:xsi="http://www.w3.org/2001/XMLSchema-instance"
    xsi:schemaLocation="http://www.loc.gov/MARC21/slim http://www.loc.gov/standards/marcxml/schema/MARC21slim.xsd"
    xmlns="http://www.loc.gov/MARC21/slim">

  <leader>00954nam0a22002771  4500</leader>
  <controlfield tag="001">rc\233623</controlfield>
  <controlfield tag="005">20250621011807.0</controlfield>
  <datafield tag="010" ind1=" " ind2=" ">
    <subfield code="a">5-07-001579-6</subfield>
    <subfield code="9">49270</subfield>
  </datafield>
  <datafield tag="035" ind1=" " ind2=" ">
    <subfield code="a">(NLR Aleph) 005496257</subfield>
  </datafield>
  <datafield tag="090" ind1=" " ind2=" ">
    <subfield code="a">5259832</subfield>
    <subfield code="c">5259832</subfield>
  </datafield>
  <datafield tag="100" ind1=" " ind2=" ">
    <subfield code="a">20030307d1990    |||y0rusy50      ca</subfield>
  </datafield>
  <datafield tag="101" ind1="0" ind2=" ">
    <subfield code="a">rus</subfield>
  </datafield>
  <datafield tag="102" ind1=" " ind2=" ">
    <subfield code="a">RU</subfield>
  </datafield>
  <datafield tag="105" ind1=" " ind2=" ">
    <subfield code="a">y   |||||||||</subfield>
  </datafield>
  <datafield tag="200" ind1="1" ind2=" ">
    <subfield code="a">XXVIII &#x441;&#x44A;&#x435;&#x437;&#x434; &#x41A;&#x41F;&#x421;&#x421;: &#x43F;&#x443;&#x442;&#x44C; &#x43A; &#x43E;&#x431;&#x43D;&#x43E;&#x432;&#x43B;&#x435;&#x43D;&#x438;&#x44E;</subfield>
  </datafield>
  <datafield tag="210" ind1=" " ind2=" ">
    <subfield code="a">&#x41C;.</subfield>
    <subfield code="c">&#x417;&#x43D;&#x430;&#x43D;&#x438;&#x435;</subfield>
    <subfield code="d">1990</subfield>
  </datafield>
  <datafield tag="215" ind1=" " ind2=" ">
    <subfield code="a">63, [1] &#x441;.</subfield>
    <subfield code="d">20</subfield>
  </datafield>
  <datafield tag="225" ind1="1" ind2=" ">
    <subfield code="a">&#x41D;&#x43E;&#x432;&#x43E;&#x435; &#x432; &#x436;&#x438;&#x437;&#x43D;&#x438;, &#x43D;&#x430;&#x443;&#x43A;&#x435;, &#x442;&#x435;&#x445;&#x43D;&#x438;&#x43A;&#x435;</subfield>
    <subfield code="i">&#x418;&#x441;&#x442;&#x43E;&#x440;&#x438;&#x44F; &#x438; &#x43F;&#x43E;&#x43B;&#x438;&#x442;&#x438;&#x43A;&#x430; &#x41A;&#x41F;&#x421;&#x421;</subfield>
    <subfield code="v">12/1990</subfield>
  </datafield>
  <datafield tag="700" ind1=" " ind2="1">
    <subfield code="4">070</subfield>
    <subfield code="7">ca</subfield>
    <subfield code="8">rus</subfield>
    <subfield code="a">&#x41C;&#x430;&#x440;&#x43A;&#x43E;&#x432;</subfield>
    <subfield code="b">&#x412;. &#x421;.</subfield>
    <subfield code="c">&#x436;&#x443;&#x440;&#x43D;&#x430;&#x43B;&#x438;&#x441;&#x442;</subfield>
    <subfield code="f">1934-2013</subfield>
    <subfield code="g">&#x412;&#x43B;&#x430;&#x434;&#x438;&#x43C;&#x438;&#x440; &#x421;&#x435;&#x43C;&#x435;&#x43D;&#x43E;&#x432;&#x438;&#x447;</subfield>
    <subfield code="9">2647738</subfield>
    <subfield code="3">RU\NLR\AUTH\770275771</subfield>
  </datafield>
  <datafield tag="712" ind1="0" ind2="2">
    <subfield code="a">&#x41A;&#x41F;&#x421;&#x421;</subfield>
    <subfield code="b">&#x421;&#x44A;&#x435;&#x437;&#x434;</subfield>
    <subfield code="d">28</subfield>
    <subfield code="f">1990</subfield>
    <subfield code="e">&#x41C;&#x43E;&#x441;&#x43A;&#x432;&#x430;</subfield>
  </datafield>
  <datafield tag="801" ind1=" " ind2="0">
    <subfield code="a">RU</subfield>
    <subfield code="b">NLR</subfield>
    <subfield code="g">psbo</subfield>
  </datafield>
  <datafield tag="801" ind1=" " ind2="1">
    <subfield code="a">RU</subfield>
    <subfield code="b">ELAR</subfield>
    <subfield code="2">rusmarc</subfield>
  </datafield>
  <datafield tag="852" ind1=" " ind2=" ">
    <subfield code="a">NLR</subfield>
    <subfield code="j">90-4/17262</subfield>
  </datafield>
  <datafield tag="942" ind1=" " ind2=" ">
    <subfield code="c">BOOK</subfield>
  </datafield>
  <datafield tag="980" ind1=" " ind2=" ">
    <subfield code="a">NB</subfield>
  </datafield>
  <datafield tag="995" ind1=" " ind2=" ">
    <subfield code="5">2013-10-26</subfield>
    <subfield code="b">NLR01</subfield>
    <subfield code="c">NLR01</subfield>
    <subfield code="e">RF9</subfield>
    <subfield code="f">1-4596526</subfield>
    <subfield code="k">90-4/17262</subfield>
    <subfield code="o">0</subfield>
    <subfield code="r">BOOK</subfield>
    <subfield code="s">90417262_</subfield>
  </datafield>
</record>
